Prontuario jurídico bancario (Registro nro. 303504)

Detalles MARC
000 -ENCABEZADO
Número de control [NR] 00778cam a2200229Ma 4500
005 - FECHA Y HORA DE LA ÚLTIMA TRANSACCIÓN
control field 20160609111345.0
008 - DE LONGITUD FIJA DE DATOS DE ELEMENTOS - INFORMACIÓN GENERAL
Elementos de longitud fija [NR] 160609s1985 cl fr 001 0 spa d
035 ## - NUMERO DE CONTROL DEL SISTEMA [R]
Número de control del sistema [NR] (OCoLC)503177419
040 ## - FUENTE DE CATALOGACION [NR]
Agencia de catalogación original [NR] CO-BoUCM
Idioma de catalogación [NR] spa
Quien Cataloga Sandra Palacio
Quien Clasifica Sandra Palacio
041 #4 - CODIGO DE IDIOMA [R]
Código de idioma para texto/pista de sonido o título separado [R] Español
100 1# - ASIENTO PRINCIPAL--NOMBRE PERSONAL [NR]
Nombre personal [NR] Cruz Ortiz, Neftalí
Fechas asociadas con el nombre [NR] 1916-
ID Autoridad 77626
245 10 - MENCION DE TITULO [NR]
Título [NR] Prontuario jurídico bancario
Mención de responsabilidad, etc. [NR] Neftali Cruz Ortíz
260 ## - PUBLICACION, DISTRIBUCION, ETC. (PIE DE IMPRENTA) [R]
Lugar de publicación, distribución, etc. [R] Santiago de Chile (Chile)
Nombre del editor, distribuidor, etc. [R] Jurídica de Chile
Fecha de publicación, distribución, etc. [R] 1985
300 ## - DESCRIPCION FISICA [R]
Extensión [R] 395 páginas
500 ## - NOTA GENERAL [R]
Nota general [NR] Incluye índice
650 #7 - ASIENTO SECUNDARIO DE MATERIA - TERMINO TEMATICO [R]
Término temático o nombre geográfico como elemento de entrada [NR] Bancos
Subdivisión de forma [R] Legislación
Subdivisión geográfica [R] Chile
9 (RLIN) 9920
650 #7 - ASIENTO SECUNDARIO DE MATERIA - TERMINO TEMATICO [R]
Término temático o nombre geográfico como elemento de entrada [NR] Hipotecas
9 (RLIN) 16898
650 #7 - ASIENTO SECUNDARIO DE MATERIA - TERMINO TEMATICO [R]
Término temático o nombre geográfico como elemento de entrada [NR] Derecho comercial
Subdivisión geográfica [R] Chile
9 (RLIN) 39425
690 ## - ASUNTO AGREGADO LOCAL DE ENTRADA - TÉRMINO TEMÁTICO (OCLC, RLIN)
Acceso temático local Derecho comercial
9 (RLIN) 12717
942 ## - ELEMENTOS DE ENTRADA AGREGADOS (KOHA)
Sistema de clasificación DEWEY
Tipo de ítem principal el descrito en 300a Libro
Tema principal Derecho
Edición 1
Clasificación 346.983
Parte restante de la signatura top. C957pj
Existencias
Signatura topográfica Código de barras Última vez visto Ejemplar Costo de reposición Price effective from Tipo de ítem Perdido Sistema de clasificación Dañado No prestable Tipo de ítem específico Suprimido Ubicación habitual Ubicación actual Localización Fecha de creación Proveedor Forma de adquisición Costo
346.983 C957pj 100149710 06/06/2024 Ej.1 26000.00 25/05/2016 Libro   DEWEY     Libro   Bodega Bodega 3er piso 25/05/2016 12 Donación 0.00